000 00581nam a22001817a 4500
005 20140407122540.0
010 _aENG-109595
020 _a9788172543228
_c350.00
035 _aEN-93128
037 _bDBAD/PUB
082 _a000
100 _aSubburaj, V.V.K.
245 _aSura's IGNOU OPENMAT entrance exam guide for MBA and MCA /
_cby V.V.K. Subburaj
260 _aChennai
_bSura College of Competition
_c2013
270 _a1620, 'J' Block, 16th Main Road, Anna Nagar
_bChennai
_e600040
300 _avaroius pagings
_c24cm(pbk)
942 _2ddc
_cEN
_mSUB
_h000
999 _c83129
_d83129